000 00475nam a2200169Ia 4500
008 240729s9999 xx 000 0 und d
022 _a2055-1169
245 0 _aJournal of Feline Medicine and Surgery Open Reports
260 _aUnited Kingdom
260 _bSAGE Publishing
650 _a Animal culture
650 _a Veterinary medicine
650 _aAgriculture
856 _uhttps://doaj.org/toc/af0d8d35febd4e699260f0d4b1102671
942 _2ddc
942 _cDOAJEJ
999 _c67698
_d67698
945 _a1
_bMadushi Gamage
_c1
_dMadushi Gamage